Sports Quiz

Random Sports Quiz

Best football clubs in different leagues Quiz Stats

 Plays Quiz not verified by Sporcle

Challenge
Share
Tweet
Embed
Score 0/12 Timer 02:00
0 Plays Today
country club % Correct
spanishreal madrid
100%
spanishbarcelona
98.5%
englishmanchester united
97.1%
englishchelsea
97.1%
italianac milan
95.6%
englisharsenal
95.6%
englsihtottenham
95.6%
scottishceltic
95.6%
englishliverpool
94.1%
germanbayern munich
94.1%
scottishrangers
92.6%
italianinter milan
86.8%

You're not logged in!

Compare scores with friends on all Sporcle quizzes.
OR
Log In

You Might Also Like...

Show Comments

Extras

Created Jul 26, 2010ReportNominate

Top Quizzes Today


Score Distribution

Your Account Isn't Verified!

In order to create a playlist on Sporcle, you need to verify the email address you used during registration. Go to your Sporcle Settings to finish the process.

Report this User

Report this user for behavior that violates our Community Guidelines.

Details: